AH International Schools' Libraries

Planet Omar: (Record no. 48143)

MARC details
000 -LEADER
fixed length control field 01098nam a2200157 4500
020 ## - INTERNATIONAL STANDARD BOOK NUMBER
International Standard Book Number 9781444968521
100 ## - MAIN ENTRY--PERSONAL NAME
Personal name Mian, Zanib.
9 (RLIN) 85889
245 ## - TITLE STATEMENT
Title Planet Omar:
Remainder of title epic hero flop /
Statement of responsibility, etc Zanib Mian.
260 ## - PUBLICATION, DISTRIBUTION, ETC. (IMPRINT)
Place of publication, distribution, etc London:
Name of publisher, distributor, etc Hodder;
Date of publication, distribution, etc 2021.
300 ## - PHYSICAL DESCRIPTION
Extent 189 p.
Other physical details ill.
Dimensions 20 cm.
520 ## - SUMMARY, ETC.
Summary, etc Omar and his friends are up to a new heroic adventure in the fourth installment of this middle-grade series starring a Muslim boy with a huge imagination. Is there ever a good time to tell a lie? When his best friend Daniel messes up at school, Omar decides to take the blame to save Daniel from getting in trouble--which makes Omar feel like a total hero! Being treated like a hero feels great, so he does it again. But then something more serious happens, and all eyes land on Omar. Uh-oh. The principal is convinced that Omar must have done it. Will he and his friends be able to prove his innocence, or is his good reputation ruined forever?<br/>
650 ## - SUBJECT ADDED ENTRY--TOPICAL TERM
Topical term or geographic name as entry element Humorous Stories. School life.
Form subdivision Fiction.
9 (RLIN) 85890
655 ## - INDEX TERM--GENRE/FORM
Genre/form data or focus term Humor.
9 (RLIN) 55332
700 ## - ADDED ENTRY--PERSONAL NAME
Relator code illustrator.
Personal name Kyan Cheng.
9 (RLIN) 85891
942 ## - ADDED ENTRY ELEMENTS (KOHA)
Source of classification or shelving scheme
Koha item type J FIC BOOKS
Holdings
Withdrawn status Lost status Source of classification or shelving scheme Damaged status Not for loan Collection code Home library Current library Shelving location Date acquired Total Checkouts Full call number Barcode Date last seen Date checked out Price effective from Koha item type
          SECONDARY Asian Hope Secondary Library Asian Hope Secondary Library Junior Fiction 01/10/2025 3 J FIC MIA 207416 03/24/2026 03/10/2026 01/10/2025 J FIC BOOKS

For any Logos Library related questions please contact Miss Art at swongnarasuk@asianhope.org.

For any Asian Hope Library related questions please contact Miss Raza at graza@asianhope.org.

Powered by Koha